000 00554nam a2200217Ia 4500
003 0100
008 130303s9999 xx 000 0 und d
020 _a0335208843
040 _cARRUPELIB
050 _aH61.15.P48 2003
245 _aPhilosophies of Social Science
245 _bthe classic and contemporary readings
260 _aMaidenhead
260 _bOpen University Press
260 _C2003
300 _a481p.
300 _b 23 cm
650 _bMarcel, Gabriel
700 _aDelanty, Gerard ; Strydom, Piet (ed.)
942 _2lcc
_01
999 _c63861
_d63861